000 00879nam a2200241 i 4500
001 149724
003 ES-MaACL
005 20250816062538.0
007 t|
008 071024s1986 sp |||| | spa d
100 1 _aVattimo, Gianni.
_9113303
245 1 4 _aLas aventuras de la diferencia
_b: pensar después de Nietzsche y Heidegger /
_cGianni Vattimo ; traducción de Juan Carlos Gentile.
250 _a1ª ed.
260 _aBarcelona :
_bPenínsula,
_c1986.
300 _a173 p. ;
_c20 cm.
490 1 _aHistoria, ciencia, sociedad ;
_v197
600 1 4 _aNietzsche, Friedrich,
_d1844-1900-
_xCrítica e interpretación
_985721
600 1 4 _aHeidegger, Martin-
_xCrítica e interpretación.
_962339
700 1 _aGentile, Juan Carlos.
_956359
830 0 0 _aHistoria, ciencia, sociedad (Península)
_v197
_9177444
852 _aES-MaACL
_jL-9879
999 _c149724
_d149724